| 000 | 00700cab a2200205 4500 | ||
|---|---|---|---|
| 001 | WB3016-02 | ||
| 008 | 090401t1994 xxu||||| |||| 00| 0 eng d | ||
| 035 | _a(Sirsi) u36785 | ||
| 041 | _aeng | ||
| 245 | _aAuctioneers in tax fight | ||
| 260 | _c1994 | ||
| 350 | _a0 | ||
| 490 |
_aFarmers' Weekly _v120(16) 22 April 1994, 12(1) |
||
| 520 | _aThe Livestock Auctioneers Association is asking its members for donations to help in its legal battle to prevent the Inland Revenue having access to auction market records and farmer-customer transactions. | ||
| 650 | _aAUCTION MARKET RECORDS | ||
| 650 | _aLIVESTOCK AUCTIONS | ||
| 690 |
_aAuctioneering _96218 |
||
| 942 | _n0 | ||
| 948 | _c04/03/1997 | ||
| 999 |
_c23804 _d23804 |
||